| 000 | 00536nam a22001817a 4500 | ||
|---|---|---|---|
| 003 | 0 | ||
| 005 | 20241114094334.0 | ||
| 008 | 241114b xxu||||| |||| 00| 0 eng d | ||
| 020 | _a978-1-250-16884-9 | ||
| 082 |
_aM 975.5 _bC924 2016 |
||
| 100 | _aCrete, Patricia | ||
| 245 |
_aPocahontas _cPatricia Crete. |
||
| 260 |
_aNew York, NY : _bRoaring Brook Press, _cc2016. |
||
| 300 |
_a30 unnumbered pages : _bcol. ill. ; _c15 cm. |
||
| 440 | _aPocket bios | ||
| 650 |
_aPowhatan Indians _vBiography _xJuvenile literature. |
||
| 942 |
_2ddc _cBK |
||
| 999 |
_c366708 _d366708 |
||